banner koha

Soil quality in two coffee crop systems in the Amazon biome (Registro n. 338951)

MARC details
000 -LÍDER
fixed length control field 04182nab a2200313 i 4500
003 - CÓDIGO MARC DA AGÊNCIA CATALOGADORA
Campo de controle BR-BrBNA
005 - DATA E HORA DA ÚLTIMA ATUALIZAÇÃO
Campo de controle 20251105150129.0
008 - CAMPO DE TAMANHO FIXO
fixed length control field 251105b2020 bl.mr|pooa||| 00| 0 eng |
040 ## - FONTE DA CATALOGAÇÃO
Agência catalogadora BR-BrBNA
Idioma da catalogação eng
072 ## - CATEGORIA AGRIS
Código AGRIS P33
Código do objeto 2120
072 ## - CATEGORIA AGRIS
Código AGRIS F08
100 ## - ENTRADA PRINCIPAL - NOME PESSOAL
Nome pessoal Henrique, Nirvani S.
100 ## - ENTRADA PRINCIPAL - NOME PESSOAL
Nome pessoal Maltoni, Katia L.
100 ## - ENTRADA PRINCIPAL - NOME PESSOAL
Nome pessoal Faria, Glaucia A.
245 ## - TÍTULO PRINCIPAL
Título principal Soil quality in two coffee crop systems in the Amazon biome
500 ## - NOTA GERAL
Nota geral Publicação on-line; 29 ref.; Sumaries (En, Pt)
942 ## - ADDED ENTRY ELEMENTS (KOHA)
Koha item type Analítica
520 ## - NOTA DE RESUMO
Nota de conteúdo <br/><br/>ABSTRACT: The form of occupation of the state of Rondônia, Brazil, favored the extensive agriculture, which resulted in a fast deforestation. The removal of forests and inadequate soil management and use, combined with a hot and wet climate, affected the soil chemical, physical, and biological attributes. In search for less impacting and alternatives that promote greater soil conservation for coffee production in the North region of Brazil, the objective of this work was to evaluate the effects of two coffee crop systems on the soil chemical and microbiological attributes. The treatments consisted of a shaded coffee crop (SCC) and a fullsun coffee crop (FCC). A completely randomized design was used, with four clusters per treatment and seven sampling points per cluster, which constituted a replication, totaling 28 replications per treatment. The data were collected in April 2018, in a rural property in the municipality of Cacoal, state of Rondônia, Brazil (11º21’50’’S, 61º20’10’’W, and altitude of 238 m). The soil organic matter, pH, P, K, Ca, Mg, Al, H+Al, base saturation, and basal respiration were determined. The soil under SCC had higher Ca content, pH, and base saturation, and lower potential acidity (H+Al) and Al content than that under FCC. The litterfall on the soil under FCC presented higher N and Mg contents. The soil basal respiration increased in the first 5 cm depth in the treatment with SCC. <br/><br/>Key words: Coffea canephora, shading, sustainability
520 ## - NOTA DE RESUMO
Nota de conteúdo <br/><br/>RESUMO: A forma de ocupação do Estado de Rondônia, favoreceu a agricultura extensiva, o que resultou em desmatamento acelerado. A retirada da floresta, o manejo e uso inadequado do solo, associado ao clima quente e úmido afetaram os atributos químicos, físicos e biológicos dos solos. Buscando alternativas menos impactantes e de maior conservação do solo para produção de café na região Norte, objetivouse nesta pesquisa avaliar os efeitos de dois sistemas de cultivo do cafeeiro, sobre a qualidade química e microbiológica do solo. Os tratamentos foram cultivo sombreado (CS) e a pleno sol (CPS). O delineamento estatístico utilizado foi o inteiramente casualizado, com quatro aglomerados para cada tratamento e sete pontos amostrais em cada aglomerado que constituem as repetições, totalizando 28 repetições para cada tratamento. A coleta de dados ocorreu em abril de 2018 em uma propriedade rural do município de Cacoal, RO, localizada a 11º 21’ 50” S e 61º 20’ 10” O, e altitude de 238 m. A matéria orgânica (MO), pH, fósforo (P), potássio (K), cálcio (Ca), magnésio (Mg), H + Al3+, alumínio (Al3+), saturação por bases (V) e a respiração basal do solo (RBS) foram determinados. O solo sob CS tem maior teor de Ca, pH e V (%) e menor acidez potencial e Al3+, em comparação ao CPS. A serapilheira sob CPS apresenta maiores teores de N e Mg e a respiração basal do solo aumentou no sombreamento nos primeiros 5 cm de profundidade. <br/><br/>Palavras-chave: Coffea canephora, sombreamento, sustentabilidade
650 ## - ASSUNTO - THESAGRO
Cabeçalho tópico ou nome geográfico CAFÉ
650 ## - ASSUNTO - THESAGRO
Cabeçalho tópico ou nome geográfico ANÁLISE DO SOLO
650 ## - ASSUNTO - THESAGRO
Cabeçalho tópico ou nome geográfico PROPRIEDDE FÍSICO-QUÍMICA
650 ## - ASSUNTO - THESAGRO
Cabeçalho tópico ou nome geográfico SISTEMA DE CULTIVO
650 ## - ASSUNTO - THESAGRO
Cabeçalho tópico ou nome geográfico SOMBREAMENTO
650 ## - ASSUNTO - THESAGRO
Cabeçalho tópico ou nome geográfico SUSTENTABILIDADE
773 0# - ENTRADA ANALÍTICA
Host Biblionumber 3534
Registro do item 317787
Imprenta Campina Grande-PB Universidade Federal de Campina Grande. Centro de Ciências e Tecnologia 1997
Outro identificador 2024-4508
Título Revista Brasileira de Engenharia Agrícola e Ambiental (Brazil)
ISSN 1415-4366
Colação v. 24 (6) p. 379-384; (2020)
Número de controle de registro BR2025001732
856 ## - ACESSO E ENDEREÇO ELETRÔNICO
Identificador uniforme de recurso - URI https://www.scielo.br/j/rbeaa/a/zhNCCFpqryCqM9jZnVvjpwB/?format=pdf&lang=en

Nenhum exemplar disponível.

BINAGRI

Telefone: (61)3218-2567/2388/3357/2097 - binagri@agro.gov.br

Ministério da Agricultura e Pecuária , Esplanada dos Ministérios, Bloco D, Anexo B, Brasília/DF, CEP: 70.043-900